Central Library OPAC University of Rajshahi

Accounting trends & techniques / (Record no. 14785)

MARC details
000 -LEADER
fixed length control field 01304nam a2200337 a 4500
001 - CONTROL NUMBER
control field 14785
003 - CONTROL NUMBER IDENTIFIER
rucl marc code BD-RjUL
005 - DATE AND TIME OF LATEST TRANSACTION
control field 20211208235706.0
008 - FIXED-LENGTH DATA ELEMENTS--GENERAL INFORMATION
fixed length control field 140208r19641963nyuar s 0 1 a1eng
035 ## - SYSTEM CONTROL NUMBER
System control number (OCoLC)ocm01782411
-- (BD-RjUL)14839
040 ## - CATALOGING SOURCE
Original cataloging agency DLC
Language of cataloging eng
Transcribing agency DLC
Modifying agency OCoLC
-- NST
-- OCoLC
-- NLGGC
-- OCLCO
-- OCoLC
-- BD-RjUL
041 ## - LANGUAGE CODE
Language code of text/sound track or separate title eng
082 04 - DEWEY DECIMAL CLASSIFICATION NUMBER
Edition number 23
Classification number 657
Author mark and year ACC 1964
245 00 - TITLE STATEMENT
Title Accounting trends & techniques /
260 ## - PUBLICATION, DISTRIBUTION, ETC. (IMPRINT)
Place of publication, distribution, etc. New York :
Name of publisher, distributor, etc. American Institute of Certified Public Accountants,
Date of publication, distribution, etc. c1963 [Reprint 1964].
300 ## - PHYSICAL DESCRIPTION
Pagination vii, 296 p. :
Size 30 cm.
Illustrations ill. ;
500 ## - GENERAL NOTE
General note Other slight variations in title.
504 ## - BIBLIOGRAPHY, ETC. NOTE
Bibliography, etc Includes Index.
515 ## - NUMBERING PECULIARITIES NOTE
Numbering peculiarities note First report covers two years.
550 ## - ISSUING BODY NOTE
Issuing body note Issued by American Institute of Certified Public Accountants (vols. for 1945/47-<1949/50> under its earlier name: American Institute of Accountants).
650 #0 - SUBJECT ADDED ENTRY--TOPICAL TERM
Topical term or geographic name as entry element Financial statements
Form subdivision Periodicals.
9 (RLIN) 46054
Topical term or geographic name as entry element Corporation reports
Form subdivision Periodicals.
9 (RLIN) 46055
Topical term or geographic name as entry element Financiële verslaglegging.
Source of heading or term gtt
9 (RLIN) 46056
Topical term or geographic name as entry element Financiële analyse.
Source of heading or term gtt
9 (RLIN) 46057
Topical term or geographic name as entry element Accounting.
Source of heading or term gtt
9 (RLIN) 46058
710 2# - ADDED ENTRY--CORPORATE NAME
Corporate name or jurisdiction name as entry element American Institute of Certified Public Accountants.
9 (RLIN) 46059
942 ## - ADDED ENTRY ELEMENTS (KOHA)
Source of classification or shelving scheme Dewey Decimal Classification
Koha item type Books
Holdings
Lost status Source of classification or shelving scheme Damaged status Not for loan Collection code Permanent Location Current Location Shelving location Date acquired Source of acquisition Cost, normal purchase price Total Checkouts Full call number Date last seen Copy number Koha item type
  Dewey Decimal Classification     Non-fiction Central Library, University of Rajshahi Central Library, University of Rajshahi   07/01/1965 Zeitlinger 144.00   657 ACC 1964 08/02/2014 C-3 Books
  Dewey Decimal Classification     Non-fiction Central Library, University of Rajshahi Central Library, University of Rajshahi   01/01/1965 Zeitlinger 144.00   657 ACC 1964 08/02/2014 C-5 Books
  Dewey Decimal Classification   Not For Loan Non-fiction Central Library, University of Rajshahi Central Library, University of Rajshahi Reading Room 11/01/1965 z 144.00   657 ACC 1964 11/02/2019 C-1 Books
  Dewey Decimal Classification     Non-fiction Central Library, University of Rajshahi Central Library, University of Rajshahi   14/01/1965 Zeitlinger 144.00   657 ACC 1964 07/03/2019 C-2 Books
  Dewey Decimal Classification     Non-fiction Central Library, University of Rajshahi Central Library, University of Rajshahi   07/01/1965 Zeitlinger 144.00   657 ACC 1964 19/03/2019 C-4 Books
  Dewey Decimal Classification     Non-fiction Central Library, University of Rajshahi Central Library, University of Rajshahi   07/01/1965 Zeitlinger 144.00   657 ACC 1964 19/03/2019 C-6 Books
  Dewey Decimal Classification     Non-fiction Central Library, University of Rajshahi Central Library, University of Rajshahi   14/01/1965 Zeitlinger 144.00   657 ACC 1964 19/03/2019 C-7 Books
  Dewey Decimal Classification     Non-fiction Central Library, University of Rajshahi Central Library, University of Rajshahi   05/01/1965 Zeitlinger 144.00   657 ACC 1964 19/03/2019 C-8 Books
  Dewey Decimal Classification     Non-fiction Central Library, University of Rajshahi Central Library, University of Rajshahi   05/01/1965 Zeitlinger 144.00   657 ACC 1964 19/03/2019 C-9 Books